000 00595nam a22002297a 4500
003 UA-OsUOA
001 55177
007 ta
008 20080813b un ||||| |||| 00| 0 ukr d
100 _aЛондон Джек
090 _a821.161.1
_bЛ76
942 _cBK
040 _aUA-OsUOA
_brus
_cUA-OsUOA
_dUA-OsUOA
245 _aСочинения в двух томах
300 _a541 с.
955 _a3
041 _arus
080 _a821.161.1
260 _aК.
_bДнипро
_c1987
650 7 _a82 Література. Літературознавство
_2UDC
999 _c341255
_d341255